| 000 | 00457cam a2200181ua 4500 | ||
|---|---|---|---|
| 020 |
_a81-224-0789-7 _c150.00 |
||
| 041 |
_aeng _h |
||
| 082 |
_a690.8 _bLAL/HA |
||
| 100 | _aLal, A K . | ||
| 245 |
_aHand book of low cost housing / _cA K Lal. _hTextual Documents |
||
| 250 |
_a1 / _b. |
||
| 260 |
_aNew Delhi : _bNew Age International Ltd , _c1996. |
||
| 300 | _a185 ; . | ||
| 365 | _a150.00 | ||
| 504 | _a | ||
| 942 | _cBK | ||
| 999 |
_c7433 _d7433 |
||